000 00494cam a22001935a 4500
008 021111s2003 f 000 0 eng u
020 _a1856044564
035 _a(Sirsi) u120401
041 _aENG
050 _a025.3 $2 18
100 _aBowman, J. H.
245 _aEssential cataloguing
260 _aLondon
_bFacet
_c2002
300 _aviii, 216p.
_c25cm.
350 _a19.95
650 _aCATALOGUING
690 _aMANAGEMENT-BUSINESS MANAGEMENT-INFORMATION MANAGEMENT
942 _n0
999 _c102515
_d102515